Los hijos de la luz

محفوظ في:
التفاصيل البيبلوغرافية
المؤلف الرئيسي: Peyrefitte, Roger (مؤلف)
التنسيق: كتاب
اللغة:الإسبانية
منشور في: Buenos Aires Sudamericana 1962
سلاسل:Horizonte
الموضوعات:
الوسوم: إضافة وسم
لا توجد وسوم, كن أول من يضع وسما على هذه التسجيلة!

MARC

LEADER 00000nam a2200000 a 4500
001 UCP8052
003 CL-VaPUC
008 000106e19620000AG |||||||||||||||||spa|d
082 0 4 |a 366.1  |b PEY  |2 21 
100 0 |a Peyrefitte, Roger  |e author  |9 437870 
245 1 4 |a Los hijos de la luz 
300 |a 434 p 
942 |c BK 
945 |d 20000106 00:00:00  |a crobeson 
260 |a Buenos Aires  |b Sudamericana  |c 1962 
650 0 |a Masonería   |9 256238 
650 7 |a SOCIEDADES SECRETAS  |2 CL-VaPUC  |9 321683 
583 |a last modification  |c 20000106 00:00:00  |k Rodrigo Vera 
490 0 |a Horizonte 
999 |c 285086  |d 285084 
952 |0 0  |1 0  |4 0  |6 366_100000000000000_PEY_1962  |7 0  |8 A  |9 329457  |a BIBHIS  |b BIBHIS  |d 2019-11-20  |i 1374753  |o 366.1 PEY 1962  |p 1374753  |r 2025-01-20  |w 2019-11-20  |y BK  |k HIS